000 00687nam a2200253 a 4500
999 _c4730
_d4730
001 4730
003 BD-JhCC
005 20200413134008.0
008 171130s1985 e |||| || | 001 0 eng d
020 _a0813300045
035 _a(BD-JhCC)4730
040 _aBD-JhCC
_dBD-JhCC
041 _aeng
082 _a355.98
_bVAR 1985
100 _a Varas, Augusto
245 _aMilitarization and the International Arms Race in Latin America /
_c Augusto Varas,
260 _aLondon :
_bWestview Press,
_c1985.
300 _a160 p. :
_c23 cm.
504 _aIncludes Index
650 _aMilitary Relation
650 _aArmed Forced
_zLatin America
942 _2ddc
_cBK
_02